Представление документа в формате RUSMARC

ПолеНазваниеЗначение
  Тип записи a
  Библиографический уровень a
001 Контрольный номер UONB/MAIN/a51e2618a1f64a9a9b44217a03bda27a
005 Дата корректировки 20260507113916.0
100 Данные общей обработки __
a Данные общей обработки 20260507 ||| 0rusy0189 ca
101 Язык документа 0_
a Язык текста rus
102 Страна публикации __
a Страна публикации RU
200 Заглавие и сведения об ответственности 1_
a Заглавие Бронзовые победители конкурса
f Первые сведения об ответственности М. Новокозлова
203 Вид содержания и тип средства __
a Вид содержания Текст
b Характеристика содержания визуальный
c Тип средства непосредственный
215 Физическое описание __
c Иллюстрации/тип воспроизводства ил., портр.
330 Аннотация __
a Аннотация В городе Ульяновске прошел региональный этап всероссийского творческого конкурса "Аленький цветочек".
461 Уровень набора _0
1 2000
a Цильнинские новости
463 Уровень физической единицы _0
1 2000
a № 14 (1385) (10 апреля)
v С. 5
1 2101
d 2026
1 001UONB/MAIN/7a8a6133bfb047dcab67d7e81a5efc5e
600 Персоналии _1
a Персоналии (Фамилия) Новокозлова
b Персоналии (Имя, инициалы) М. А.
g Полное имя Марина Александровна
600 Персоналии _1
a Персоналии (Фамилия) Хамитова
b Персоналии (Имя, инициалы) В. Ф.
g Полное имя Валентина Фёдоровна
607 Географические рубрики __
a Географическое наименование Ульяновск, город (Ульяновская область)
610 Ключевые слова 0_
a Ключевые слова творческие конкурсы; школьники
686 Индексы других классификаций __
a Классификационный индекс 74.202
2 Код системы rubbk
700 Автор _1
a Фамилия Новокозлова
b Имя (инициалы) М.
801 Источник записи _0
a Страна RU
b Организация Ульяновская ОНБ
c Дата составления 20260507
g Правила каталогизации RCR
801 Источник записи _1
a Страна RU
b Организация Ульяновская ОНБ
c Дата составления 20260507
g Правила каталогизации RCR
901 Тип документа __
t Тип документа f
w Контрольный № источника UONB/MAIN/7a8a6133bfb047dcab67d7e81a5efc5e
909 Создатель записи __
a Создатель записи Логинова
b Дата создания записи 20260507